Statistics for Illinois State Quiz

Click here to take the quiz!

General Stats

  • This quiz has been taken 95 times
  • The average score is 6 of 12

Answer Stats

HintAnswer% Correct
CapitalSpringfield
100%
Largest cityChicago
100%
Second largest cityAurora
70%
Third largest cityRockford
68%
Fifth largest cityNaperville
59%
Fourth largest cityJoliet
57%
River north of the aboveIllinois River
46%
City where the Ohio River meets the MississippiCairo
36%
River forming border with IndianaWabash River
36%
Lowest pointMississippi River
27%
Highest pointCharles Mound
20%
Largest Lake (Not Lake Michigan)Carlyle Lake
11%

Score Distribution

Percentile by Number Answered

Percent of People with Each Score

Your Score History

You have not taken this quiz